Statistics for Spice Girls Members

Click here to take the quiz!

General Stats

  • This quiz has been taken 6,089 times
  • The average score is 8 of 10

Answer Stats

Answer % Correct
Posh
94%
Victoria Beckham
91%
Sporty
90%
Baby
88%
Ginger
86%
Scary
86%
Melanie Brown
79%
Melanie Chisholm
71%
Geri Halliwell
68%
Emma Bunton
57%

Score Distribution

Percentile by Number Answered

Percent of People with Each Score

Your Score History

You have not taken this quiz